000 01204cam a2200301 a 4500
001 2897661
003 OSt
005 20230619103451.0
008 870713s1987 gaua b s000 0 eng
010 _a 87071207
020 _a094308900X (pbk.)
040 _aDLC
_cDLC
_dDLC
043 _ad------
050 0 0 _aPN5648
_b.H36 1987
082 0 0 _a070
_219
_bHES
245 0 0 _aHandbook for Third World journalists /
_cedited by Albert L. Hester, Wai Lan J. To.
260 _aAthens :
_bCenter for International Mass Communication Training and Research, Henry W. Grady School of Journalism and Mass Communication, University of Georgia,
_cc1987.
300 _a220 p. :
_bill. ;
_c21 cm.
504 _aIncludes bibliographies.
650 0 _aJournalism
_zDeveloping countries.
650 0 _aJournalism
_xPolitical aspects
_zDeveloping countries.
650 0 _aReporters and reporting
_zDeveloping countries.
700 1 _aHester, Albert L.,
_d1932-
700 1 _aTo, Wai Lan J.,
_d1950-
710 2 _aHenry W. Grady School of Journalism and Mass Communication.
_bCenter for International Mass Communication Training and Research.
906 _a7
_bcbc
_corignew
_d1
_eopcn
_f19
_gy-gencatlg
942 _2ddc
_cBK
999 _c1207
_d1207